| 000 | 00709cab a2200229 4500 | ||
|---|---|---|---|
| 001 | WB2926-47 | ||
| 008 | 090401t1993 xxu||||| |||| 00| 0 eng d | ||
| 035 | _a(Sirsi) u68006 | ||
| 041 | _aeng | ||
| 245 | _aWildlife havens fall to EC ruling | ||
| 260 | _c1993 | ||
| 350 | _a0 | ||
| 490 |
_aDaily Telegraph _v5 July 1993, 7(1) |
||
| 520 | _aThe EC is expected to rule against renewing the five-year set-aside scheme which began in 1988 which could mean destruction of more than 350,000 acres of wildlife habitat. | ||
| 650 | _aFIVE-YEAR SET-ASIDE SCHEME | ||
| 650 | _aSET-ASIDE | ||
| 650 | _aWILDLIFE HABITATS | ||
| 690 | _aLAND | ||
| 690 | _aRURAL PRACTICE | ||
| 942 | _n0 | ||
| 948 | _c04/03/1997 | ||
| 999 |
_c42627 _d42627 |
||